Proto-diccionari català de circ (Registre núm. 68288)

MARC details
000 -LEADER
campo de control de longitud fija 00641amm a2200229 4500
008 - DATOS DE LONGITUD FIJA--INFORMACIÓN GENERAL
campo de control de longitud fija 070831s2006 cat
041 ## - CÓDIGO DE IDIOMA
Código de lengua del texto/banda sonora o título independiente cat
100 ## - ENTRADA PRINCIPAL--NOMBRE DE PERSONA
9 (RLIN) 75221
Nombre de persona Graell Gabriel, Joan Ramon
245 ## - MENCIÓN DEL TÍTULO
Título Proto-diccionari català de circ
Medio [en línia]
Mención de responsabilidad, etc. Joan Ramon Graell Gabriel
260 ## - PUBLICACIÓN, DISTRIBUCIÓN, ETC.
Lugar de publicación, distribución, etc. [S.l.]
Nombre del editor, distribuidor, etc. Blogspot
Fecha de publicación, distribución, etc. 2006
520 ## - RESUMEN, ETC.
Nombre de termes aprox. 150
546 ## - NOTA DE IDIOMA
Llengua de les definicions català
591 ## - Codi de font
Codi de font PROTOCIRC-E
592 ## - Tipus obra
Tipus d'obra Obra terminològica
593 ## - Codi CGAT
Codi de la CGAT UQ
650 #0 - PUNTO DE ACCESO ADICIONAL DE MATERIA--TÉRMINO DE MATERIA
Término de materia o nombre geográfico como elemento de entrada circ
9 (RLIN) 63027
856 ## - LOCALIZACIÓN Y ACCESO ELECTRÓNICOS
Identificador Uniforme de Recursos <a href="http://dicdecirc.blogspot.com/">http://dicdecirc.blogspot.com/</a>
901 ## - ELEMENTOS DE DATOS A LOCAL LDA (RLIN)
c <2006>
902 ## - ELEMENTOS DE DATOS B LOCAL, LDB (RLIN)
a 070831
942 ## - ELEMENTOS DE ENTRADA SECUNDARIOS (KOHA)
Tipo de ítem Koha Monografia
Fuente del sistema de clasificación o colocación Clasificación Decimal Dewey
Suprimir en OPAC No
Fons
Estatus retirado Estado de pérdida Fuente del sistema de clasificación o colocación Estado de daño No para préstamo Biblioteca de origen Biblioteca actual Fecha de adquisición Total de préstamos Código de barras Visto por última vez Identificador Uniforme de Recursos Precio de reemplazo Tipo de ítem Koha
    ddc     TERMCAT TERMCAT 11/10/2022   P_68318 11/10/2022 http://dicdecirc.blogspot.com/ 11/10/2022 MO